000 00915nam a22002777a 4500
001 000561
003 DO-SdBPM
005 20250530071925.0
007 000561
008 161018b1987 sp |||| 00| 0 spa d
020 _a9580410143
040 _aDO-SdBPM
_bspa
_cBPMSU
082 4 _a833.91
_bN898m 1990
_222
100 1 _aNöstlinger, Christine,
_d1936-
245 1 0 _aMás historias de Franz /
_cChristine Nostlinger ; traducción de Federico Schopf ; ilustraciones de Erhard Dietl.
250 _a
260 _aMadrid :
_bEditorial Norma
_c1990
300 _a63 p. ;
_c20 cm.
490 0 _aTorre de papel
_v
500 _aIncluye datos biográficos del autor en la solapa de la contracubierta.
590 _aInventariado, 2025/VM
650 4 _aCuentos infantiles austríacos
700 1 2 _aSchopf, Federico,
_d1940-
_etraductor
910 _aVMateo V. Control de calidad. BPMSU
942 _2ddc
_cBK
999 _c15119
_d15119